[Event "2.BLO 1617 Nickelhütte Aue - SC Erlange"]
[Site "?"]
[Date "2017.03.19"]
[Round "10.4"]
[White "Slobodjan, Roman"]
[Black "Miller, Eduard"]
[Result "1-0"]
[WhiteElo "2458"]
[BlackElo "2324"]
[PlyCount "75"]
[EventDate "2017.??.??"]

1. Nf3 Nf6 2. c4 d6 3. Nc3 e5 4. g3 g6 5. Bg2 Bg7 6. O-O O-O 7. d3 Re8 8. e4 a6
9. h3 c6 10. Be3 b5 11. a3 Nbd7 12. cxb5 axb5 13. d4 Bb7 14. Qc2 exd4 15. Nxd4
Qe7 16. Rad1 Rac8 17. Rfe1 Nc5 18. Bd2 Nfd7 19. Be3 Ne5 20. f4 Nc4 21. Bf2 Qf6
22. Nde2 Ne6 23. Qc1 Ra8 24. b3 Nxa3 25. Rxd6 Qe7 26. e5 f6 27. Red1 Red8 28.
Bxc6 Bxc6 29. Rxc6 fxe5 30. Nd5 Qe8 31. fxe5 Bxe5 32. Qe3 Ng7 33. Qc5 Kh8 34.
Re1 Ne6 35. Rxe6 Qxe6 36. Nef4 Rxd5 37. Nxd5 Nc2 38. Nc7 1-0

[Event "2.BLO 1617 Nickelhütte Aue - SC Erlange"]
[Site "?"]
[Date "2017.03.19"]
[Round "10.5"]
[White "Merkert, Maximilian"]
[Black "Gaponenko, Inna"]
[Result "1/2-1/2"]
[WhiteElo "2248"]
[BlackElo "2407"]
[PlyCount "63"]
[EventDate "2017.??.??"]

1. c4 c5 2. g3 Nc6 3. Bg2 g6 4. Nc3 Bg7 5. Nf3 d6 6. O-O e5 7. a3 a5 8. Ne1 Be6
9. d3 Nge7 10. Nc2 d5 11. cxd5 Nxd5 12. Ne3 Nde7 13. Nc4 O-O 14. Bg5 f6 15. Be3
b6 16. Qa4 Rc8 17. Qb5 Bxc4 18. dxc4 Nd4 19. Qa4 Qe8 20. Qxe8 Rfxe8 21. Rad1
Rcd8 22. Bc1 Kf8 23. e3 Nb3 24. Nd5 Nxd5 25. Bxd5 Nxc1 26. Rxc1 e4 27. b4 cxb4
28. axb4 f5 29. Rb1 Bc3 30. bxa5 bxa5 31. Rb6 Re7 32. Rc1 1/2-1/2

[Event "2.BLO 1617 Nickelhütte Aue - SC Erlange"]
[Site "?"]
[Date "2017.03.19"]
[Round "10.6"]
[White "Eichner, Sebastian"]
[Black "Liepold, Stefan"]
[Result "1/2-1/2"]
[WhiteElo "2371"]
[BlackElo "2187"]
[PlyCount "97"]
[EventDate "2017.??.??"]

1. d4 Nf6 2. c4 g6 3. Nc3 d5 4. Nf3 Bg7 5. Bf4 O-O 6. e3 c5 7. dxc5 Qa5 8. Rc1
dxc4 9. Bxc4 Qxc5 10. Bb3 Qa5 11. O-O Na6 12. a3 Bg4 13. h3 Rad8 14. Qe2 Bxf3
15. gxf3 Nh5 16. Bh2 Qf5 17. Kg2 Nc5 18. Ba2 Be5 19. Rfd1 Bxh2 20. Kxh2 Nd3 21.
Ra1 Ne5 22. f4 Nc6 23. Bd5 Nf6 24. Bg2 Qc5 25. Rac1 Rxd1 26. Rxd1 Rd8 27. Rxd8+
Nxd8 28. Qd3 Qc8 29. Qd4 b6 30. Qa4 Qb8 31. Nb5 a5 32. Nd4 e5 33. fxe5 Qxe5+
34. Kg1 Ne6 35. Nxe6 Qxe6 36. Qd4 Kf8 37. Kf1 Ke7 38. Ke2 Qd6 39. Qxd6+ Kxd6
40. Kd3 g5 41. Kd4 Ne8 42. Bd5 f6 43. f3 h6 44. Bf7 Ng7 45. Ke4 Ke7 46. Bb3 Kd6
47. Bf7 Ke7 48. Bg8 Kd6 49. Bf7 1/2-1/2

[Event "2.BLO 1617 Nickelhütte Aue - SC Erlange"]
[Site "?"]
[Date "2017.03.19"]
[Round "10.7"]
[White "Walter, Thomas"]
[Black "Spiess, Gunter"]
[Result "0-1"]
[WhiteElo "2182"]
[BlackElo "2430"]
[PlyCount "78"]
[EventDate "2017.??.??"]

1. e4 e6 2. d4 d5 3. Nc3 Nf6 4. Bg5 dxe4 5. Nxe4 Be7 6. Nxf6+ Bxf6 7. Bxf6 Qxf6
8. Nf3 O-O 9. Bd3 c5 10. c3 cxd4 11. cxd4 Bd7 12. Ne5 Rd8 13. Qg4 Nc6 14. Qe4
g6 15. O-O Be8 16. f4 Rxd4 17. Qe3 Rad8 18. Be2 Qe7 19. Rf3 Rd2 20. Bc4 Nd4 21.
Rc1 Nxf3+ 22. Nxf3 Rd1+ 23. Rxd1 Rxd1+ 24. Kf2 Bc6 25. Qxa7 Qd6 26. Be2 Rb1 27.
Qa8+ Kg7 28. Ne5 Rxb2 29. Qh8+ Kxh8 30. Nxf7+ Kg7 31. Nxd6 Bxg2 32. Ke3 Rxa2
33. Bc4 Ra3+ 34. Kd4 Kf6 35. Ne8+ Ke7 36. Nc7 Bh3 37. Bd3 Ra2 38. Be4 b6 39.
Na8 Ra4+ 0-1

[Event "2.BLO 1617 Nickelhütte Aue - SC Erlange"]
[Site "?"]
[Date "2017.03.19"]
[Round "10.8"]
[White "Wichmann, Cliff"]
[Black "Boettger, Lukas"]
[Result "1/2-1/2"]
[WhiteElo "2293"]
[BlackElo "2230"]
[PlyCount "31"]
[EventDate "2017.??.??"]

1. Nf3 Nf6 2. d4 e6 3. g3 c5 4. Bg2 Nc6 5. O-O cxd4 6. Nxd4 Bc5 7. c3 d5 8. Nb3
Bb6 9. a4 O-O 10. Na3 Qe7 11. Nc2 a5 12. Nbd4 Rd8 13. Be3 Bc5 14. Qc1 Bd7 15.
Nb5 Rac8 16. Bxc5 {(=)} 1/2-1/2

[Event "2.BLO 1617 SK König Plauen - Erfurter S"]
[Site "?"]
[Date "2017.03.19"]
[Round "10.1"]
[White "Braeuer, Franz"]
[Black "Kunze, Carlo"]
[Result "1-0"]
[WhiteElo "2420"]
[BlackElo "2250"]
[PlyCount "97"]
[EventDate "2017.??.??"]

1. Nf3 Nf6 2. c4 c5 3. Nc3 b6 4. g3 Bb7 5. Bg2 e6 6. O-O Be7 7. d4 cxd4 8. Qxd4
d6 9. Rd1 a6 10. b3 O-O 11. Ba3 Ne8 12. Qd3 Qc7 13. Ne4 d5 14. Neg5 Nf6 15.
Bxe7 Qxe7 16. cxd5 exd5 17. Nd4 Nbd7 18. Nf5 Qa3 19. Qd4 Rfe8 20. Ne3 h6 21.
Nh3 Re5 22. Nf4 Rae8 23. Nfxd5 Bxd5 24. Bxd5 Nxd5 25. Nc4 Qc5 26. Nxe5 Rxe5 27.
f4 Rh5 28. Qxc5 Nxc5 29. g4 Rh4 30. Rxd5 Rxg4+ 31. Kh1 Rxf4 32. Rd6 Rb4 33.
Rad1 Ne6 34. Rc6 a5 35. Rd5 Re4 36. Rc2 a4 37. Rb5 axb3 38. axb3 Re3 39. Rxb6
Nd4 40. Rb2 Nxe2 41. Rb8+ Kh7 42. b4 Nf4 43. Rb1 Re2 44. b5 Ng2 45. Kg1 Nh4 46.
Rb3 g5 47. b6 g4 48. b7 Nf3+ 49. Kf1 1-0

[Event "2.BLO 1617 SK König Plauen - Erfurter S"]
[Site "?"]
[Date "2017.03.19"]
[Round "10.2"]
[White "Espig, Lutz"]
[Black "Enders, Peter"]
[Result "1/2-1/2"]
[WhiteElo "2256"]
[BlackElo "2448"]
[PlyCount "64"]
[EventDate "2017.??.??"]

1. Nf3 Nf6 2. c4 g6 3. d4 Bg7 4. g3 O-O 5. Bg2 d6 6. O-O Nbd7 7. Qc2 e5 8. Rd1
Qe7 9. Nc3 c6 10. b3 Re8 11. e3 Nf8 12. e4 Bg4 13. d5 cxd5 14. cxd5 Rac8 15. h3
Nxe4 16. Qxe4 f5 17. Qe3 Bxf3 18. Bxf3 e4 19. Bd2 exf3 20. Qxf3 Qf6 21. Rac1
Nd7 22. Nb5 Ne5 23. Qg2 Rxc1 24. Rxc1 h5 25. Nxa7 Nd3 26. Rc3 Nc5 27. Re3 Qa1+
28. Qf1 Qxf1+ 29. Kxf1 Ne4 30. Re2 Ra8 31. Be3 Nc3 32. Rd2 Kf7 1/2-1/2

[Event "2.BLO 1617 SK König Plauen - Erfurter S"]
[Site "?"]
[Date "2017.03.19"]
[Round "10.3"]
[White "Mueller, Matthias"]
[Black "Schaller, Sven"]
[Result "1/2-1/2"]
[WhiteElo "2386"]
[BlackElo "2267"]
[PlyCount "51"]
[EventDate "2017.??.??"]

1. e4 c6 2. d4 d5 3. Nc3 dxe4 4. Nxe4 Bf5 5. Ng3 Bg6 6. h4 h6 7. Nf3 Nd7 8. h5
Bh7 9. Bd3 Bxd3 10. Qxd3 e6 11. Bd2 Ngf6 12. O-O-O Qc7 13. Kb1 Bd6 14. Ne4 Nxe4
15. Qxe4 O-O-O 16. Qg4 Rhg8 17. c4 c5 18. d5 exd5 19. cxd5 Kb8 20. Bc3 Ne5 21.
Qf5 Nxf3 22. Qxf3 Be5 23. Rhe1 Bxc3 24. Qxc3 Qd6 25. Qe3 Rd7 26. Rd2 {(=)}
1/2-1/2

[Event "2.BLO 1617 SK König Plauen - Erfurter S"]
[Site "?"]
[Date "2017.03.19"]
[Round "10.4"]
[White "Sandner, Gunter"]
[Black "Machelett, Heiko"]
[Result "1/2-1/2"]
[WhiteElo "2261"]
[BlackElo "2400"]
[PlyCount "38"]
[EventDate "2017.??.??"]

1. d4 Nf6 2. Nf3 d6 3. g3 g6 4. Bg2 Bg7 5. O-O O-O 6. c4 c6 7. Nc3 a6 8. e4
Nfd7 9. Bg5 b5 10. cxb5 axb5 11. Qd2 Re8 12. Rfe1 Qa5 13. Bh6 Bh8 14. e5 dxe5
15. dxe5 Nc5 16. Qe3 Ne6 17. Ne4 Qa7 18. Qc3 Qa5 19. Qe3 Qa7 1/2-1/2

[Event "2.BLO 1617 SK König Plauen - Erfurter S"]
[Site "?"]
[Date "2017.03.19"]
[Round "10.5"]
[White "Voekler, Bernd"]
[Black "Pfretzschner, Roland"]
[Result "1/2-1/2"]
[WhiteElo "2355"]
[BlackElo "2207"]
[PlyCount "61"]
[EventDate "2017.??.??"]

1. e4 c6 2. d4 d5 3. Nc3 dxe4 4. Nxe4 Bf5 5. Ng3 Bg6 6. Nf3 Nd7 7. h4 h6 8. h5
Bh7 9. Bd3 Bxd3 10. Qxd3 e6 11. Bd2 Ngf6 12. O-O-O Be7 13. Qe2 Qc7 14. Kb1 c5
15. c4 cxd4 16. Nxd4 Qe5 17. Be3 Ne4 18. Nf3 Nxg3 19. Nxe5 Nxe2 20. Nxd7 Bg5
21. Bxg5 hxg5 22. Nc5 b6 23. Ne4 g4 24. h6 Rxh6 25. Rxh6 gxh6 26. Nf6+ Ke7 27.
Nxg4 Rg8 28. Ne3 Nf4 29. g3 Nh3 30. Rd2 Ng5 31. Re2 1/2-1/2

[Event "2.BLO 1617 SK König Plauen - Erfurter S"]
[Site "?"]
[Date "2017.03.19"]
[Round "10.6"]
[White "Beyer, Christof"]
[Black "Troyke, Christian"]
[Result "0-1"]
[WhiteElo "1994"]
[BlackElo "2351"]
[PlyCount "114"]
[EventDate "2017.??.??"]

1. e4 c5 2. Nf3 g6 3. c3 Bg7 4. d4 cxd4 5. cxd4 d5 6. e5 a6 7. Nc3 Nc6 8. Qb3
e6 9. Bd3 f6 10. exf6 Nxf6 11. O-O O-O 12. Bg5 Qd6 13. Bh4 Nh5 14. Ne2 Bd7 15.
Qb6 Rac8 16. a3 Qc7 17. Qxc7 Rxc7 18. Rac1 Rcc8 19. b4 e5 20. dxe5 Nxe5 21.
Nxe5 Bxe5 22. Be7 Rfe8 23. Bc5 Ng7 24. Rfd1 Ba4 25. Rd2 Ne6 26. Bb1 Nxc5 27.
bxc5 Bg7 28. Ba2 Kh8 29. g3 Bc6 30. Rcd1 Bf8 31. Rc1 Bb5 32. Nd4 Bc4 33. Bxc4
Rxc5 34. Rdc2 Rxc4 35. Rxc4 dxc4 36. Rxc4 Bxa3 37. Rc7 Re7 38. Rc8+ Kg7 39. Nb3
Bb4 40. Kg2 Rd7 41. Rb8 Kf6 42. f4 Ke6 43. Kf2 Kd5 44. Rc8 a5 45. Ra8 b6 46.
Nc1 Kc4 47. Kf3 Bc5 48. g4 Rd1 49. Ne2 Rd3+ 50. Kg2 Rd2 51. Kf3 Kb3 52. f5 gxf5
53. gxf5 a4 54. Ra7 a3 55. Rxh7 Rxe2 56. Kxe2 a2 57. Ra7 Ba3 0-1

[Event "2.BLO 1617 SK König Plauen - Erfurter S"]
[Site "?"]
[Date "2017.03.19"]
[Round "10.7"]
[White "Heinzel, Olaf"]
[Black "Linnert, Niklas"]
[Result "1-0"]
[WhiteElo "2366"]
[BlackElo "1816"]
[PlyCount "77"]
[EventDate "2017.??.??"]

1. d4 Nf6 2. Bf4 g6 3. e3 Bg7 4. Be2 d6 5. h3 Nbd7 6. Nf3 O-O 7. O-O c6 8. Nbd2
Qc7 9. Bh2 e5 10. Nc4 Nd5 11. a4 b6 12. c3 Bb7 13. Qb3 a6 14. Ncd2 b5 15. c4
bxc4 16. Nxc4 a5 17. Rac1 N5b6 18. dxe5 dxe5 19. Nfxe5 Bxe5 20. Nxe5 Nxe5 21.
Bxe5 Qxe5 22. Qxb6 Rfb8 23. Rc5 Qe7 24. Rxa5 Rxa5 25. Qxa5 Ra8 26. Qc3 Rxa4 27.
Bf3 Ra8 28. Rd1 Rd8 29. Ra1 Qd7 30. b4 Rc8 31. Ra7 Qc7 32. Qc5 Ra8 33. Rxa8+
Bxa8 34. b5 Qa5 35. Bxc6 Bxc6 36. Qxc6 Qe1+ 37. Kh2 Qxf2 38. Qe8+ Kg7 39. Qe5+
1-0

[Event "2.BLO 1617 SK König Plauen - Erfurter S"]
[Site "?"]
[Date "2017.03.19"]
[Round "10.8"]
[White "Burian, Simon"]
[Black "Brueggemann, Joachim"]
[Result "0-1"]
[WhiteElo "1877"]
[BlackElo "2300"]
[PlyCount "134"]
[EventDate "2017.??.??"]

1. d4 Nf6 2. Nf3 e6 3. g3 b5 4. Bg2 Bb7 5. O-O Be7 6. b3 d6 7. c4 bxc4 8. bxc4
Nbd7 9. Nc3 Ne4 10. Bb2 Rb8 11. Rc1 O-O 12. Ba1 c5 13. Qd3 Ndf6 14. Nd2 Nxc3
15. Bxc3 Bxg2 16. Kxg2 Qb6 17. e4 cxd4 18. Bxd4 Qc6 19. Rc2 a6 20. Rfc1 Nd7 21.
Kg1 h6 22. Qe2 Rfc8 23. f4 Qa4 24. Qg4 e5 25. Ba1 Rc7 26. c5 dxc5 27. fxe5 Nf8
28. e6 f6 29. Qh5 Qe8 30. Qg4 Qc8 31. e5 f5 32. Qxf5 Qxe6 33. Qf3 Bg5 34. Rd1
Rf7 35. Qe2 Nd7 36. Ne4 Rbf8 37. Nxg5 hxg5 38. Qc4 Re8 39. Qxe6 Rxe6 40. Rd6
Rfe7 41. Rxe6 Rxe6 42. Re2 Kf7 43. Kf2 g6 44. Kf3 Rb6 45. Kg4 Nf8 46. Rf2+ Ke7
47. Kxg5 a5 48. Kh6 a4 49. Kg7 Ne6+ 50. Kxg6 a3 51. Kf5 Rb1 52. Bc3 Rc1 53. Bb2
axb2 54. Rxb2 Nd4+ 55. Ke4 Nc6 56. a3 Ke6 57. Rb6 Re1+ 58. Kd3 Kd5 59. e6 Rxe6
60. Rb7 Ne5+ 61. Kc2 Rf6 62. a4 Kc4 63. a5 Rf2+ 64. Kd1 Nd3 65. Re7 Kc3 66. Re2
Rf1+ 67. Re1 Rxe1# 0-1

[Event "2.BLO 1617 Bad Mergentheim - SK Passau"]
[Site "?"]
[Date "2017.03.19"]
[Round "10.1"]
[White "Suran, Jan"]
[Black "Ikonnikov, Vyacheslav"]
[Result "1/2-1/2"]
[WhiteElo "2409"]
[BlackElo "2547"]
[PlyCount "39"]
[EventDate "2017.??.??"]

1. e4 c5 2. Nf3 Nc6 3. Nc3 Nd4 4. Bc4 e6 5. O-O a6 6. Nxd4 cxd4 7. Ne2 Nf6 8.
d3 Bc5 9. Bb3 d6 10. c3 dxc3 11. Nxc3 Bd4 12. Bxe6 Bxc3 13. Bxc8 Rxc8 14. bxc3
Rxc3 15. Rb1 Rc7 16. Be3 Nd7 17. Bd4 O-O 18. f4 Nc5 19. f5 f6 20. a4 1/2-1/2

[Event "2.BLO 1617 Bad Mergentheim - SK Passau"]
[Site "?"]
[Date "2017.03.19"]
[Round "10.2"]
[White "Gasthofer, Alexander"]
[Black "Schwabeneder, Florian"]
[Result "1/2-1/2"]
[WhiteElo "2422"]
[BlackElo "2358"]
[PlyCount "37"]
[EventDate "2017.??.??"]

1. Nf3 Nf6 2. g3 g6 3. c4 Bg7 4. Bg2 c5 5. O-O Nc6 6. Nc3 O-O 7. d4 cxd4 8.
Nxd4 Nxd4 9. Qxd4 d6 10. Qd3 a6 11. Bd2 Rb8 12. Rac1 Bf5 13. e4 Bd7 14. a4 Ng4
15. b3 Ne5 16. Qe2 Bg4 17. f3 Be6 18. Be3 Qa5 19. Nd5 {(=)} 1/2-1/2

[Event "2.BLO 1617 Bad Mergentheim - SK Passau"]
[Site "?"]
[Date "2017.03.19"]
[Round "10.3"]
[White "Weiss, Christian"]
[Black "Ivanov, Mikail"]
[Result "1/2-1/2"]
[WhiteElo "2358"]
[BlackElo "2414"]
[PlyCount "59"]
[EventDate "2017.??.??"]

1. c4 c5 2. g3 Nc6 3. Bg2 g6 4. Nc3 Bg7 5. Nf3 d6 6. O-O Bf5 7. d3 Qd7 8. Nd5
Rc8 9. Rb1 Bh3 10. Bxh3 Qxh3 11. e4 Qd7 12. Bd2 e6 13. Bc3 Nd4 14. Ne3 Ne7 15.
Ng2 Nec6 16. Nxd4 Nxd4 17. Ne3 O-O 18. Nc2 b5 19. Bxd4 cxd4 20. cxb5 Qxb5 21.
Na3 Qc6 22. Qd2 f5 23. f3 h5 24. Rbe1 e5 25. Nc4 f4 26. b3 fxg3 27. hxg3 Kh7
28. Re2 Bh6 29. Qe1 Rb8 30. Rh2 1/2-1/2

[Event "2.BLO 1617 Bad Mergentheim - SK Passau"]
[Site "?"]
[Date "2017.03.19"]
[Round "10.4"]
[White "Rakotomaharo, Fy Antenaina"]
[Black "Hiermann, Dietmar"]
[Result "1/2-1/2"]
[WhiteElo "2420"]
[BlackElo "2252"]
[PlyCount "62"]
[EventDate "2017.??.??"]

1. d4 d5 2. c4 e6 3. Nc3 Nf6 4. Nf3 Be7 5. cxd5 exd5 6. Bg5 O-O 7. e3 c6 8. Qc2
Nbd7 9. Bd3 Re8 10. h3 Nf8 11. Bf4 Ng6 12. Bh2 Bd6 13. Bxd6 Qxd6 14. O-O-O b6
15. g4 Bb7 16. g5 Ne4 17. Bxe4 dxe4 18. Nd2 Rad8 19. Ndxe4 Qe6 20. f3 Nh4 21.
Qf2 Nf5 22. Kb1 Bc8 23. h4 Ne7 24. h5 Nd5 25. h6 Nxc3+ 26. bxc3 Qf5 27. Qg2 Qg6
28. hxg7 Bf5 29. Kb2 Bxe4 30. fxe4 Qxe4 31. Qh2 Rd5 {(=)} 1/2-1/2

[Event "2.BLO 1617 Bad Mergentheim - SK Passau"]
[Site "?"]
[Date "2017.03.19"]
[Round "10.6"]
[White "Raps, Johannes"]
[Black "Hellmayr, Alois"]
[Result "0-1"]
[WhiteElo "2173"]
[BlackElo "2213"]
[PlyCount "46"]
[EventDate "2017.??.??"]

1. d4 Nf6 2. Nf3 e6 3. g3 b5 4. Bg2 Bb7 5. O-O d5 6. a4 a6 7. Nbd2 Nbd7 8. Nb3
c5 9. dxc5 Nxc5 10. Nxc5 Bxc5 11. axb5 axb5 12. Bg5 O-O 13. Qd3 Qb6 14. Rxa8
Rxa8 15. Bxf6 gxf6 16. Nd2 f5 17. Nf3 b4 18. Ne5 Qc7 19. Nf3 Ra2 20. Qb3 Qa5
21. Ne5 Ba6 22. Qf3 Qc7 23. Qb3 Ra5 0-1

[Event "2.BLO 1617 Bad Mergentheim - SK Passau"]
[Site "?"]
[Date "2017.03.19"]
[Round "10.8"]
[White "Gasthofer, Viktor"]
[Black "Linhart, Wolfgang"]
[Result "1/2-1/2"]
[WhiteElo "2299"]
[BlackElo "2129"]
[PlyCount "44"]
[EventDate "2017.??.??"]

1. d4 Nf6 2. c4 g6 3. Nc3 d5 4. cxd5 Nxd5 5. e4 Nxc3 6. bxc3 Bg7 7. Nf3 c5 8.
Bb5+ Bd7 9. Bxd7+ Qxd7 10. O-O O-O 11. Be3 cxd4 12. cxd4 e6 13. Rc1 Rd8 14. Qb3
Nc6 15. Rfd1 Rac8 16. d5 Na5 17. Qb1 Rxc1 18. Qxc1 h6 19. h3 Rc8 20. Qb1 Nc4
21. Bd4 e5 22. Bc3 f6 1/2-1/2

[Event "2.BLO 1617 BCA Augsburg - SC Garching"]
[Site "?"]
[Date "2017.03.19"]
[Round "10.1"]
[White "Stocek, Jiri"]
[Black "Rozentalis, Eduardas"]
[Result "1/2-1/2"]
[WhiteElo "2566"]
[BlackElo "2576"]
[PlyCount "42"]
[EventDate "2017.??.??"]

1. c4 e6 2. Nc3 b6 3. d4 Bb4 4. e3 Bb7 5. Nge2 Nf6 6. a3 Bxc3+ 7. Nxc3 d5 8.
cxd5 exd5 9. b4 O-O 10. Bd3 c5 11. bxc5 bxc5 12. Rb1 cxd4 13. exd4 Re8+ 14. Be3
Ba6 15. O-O Bxd3 16. Qxd3 Nbd7 17. Bg5 h6 18. Bxf6 Nxf6 19. Rb5 Rc8 20. h3 Qd6
21. Ra1 Rc6 {(=)} 1/2-1/2

[Event "2.BLO 1617 BCA Augsburg - SC Garching"]
[Site "?"]
[Date "2017.03.19"]
[Round "10.2"]
[White "Arnaudov, G. Petar"]
[Black "Bredl, Harald"]
[Result "1-0"]
[WhiteElo "2440"]
[BlackElo "2338"]
[PlyCount "41"]
[EventDate "2017.??.??"]

1. d4 d5 2. c4 dxc4 3. e3 e5 4. Bxc4 Nc6 5. Nf3 e4 6. Nfd2 Qg5 7. g3 Nf6 8. Nc3
Qg6 9. a3 Bd6 10. Nd5 Ng4 11. b4 h5 12. Nf4 Bxf4 13. gxf4 Bd7 14. Bb2 O-O-O 15.
Qb3 h4 16. Bxf7 Qf5 17. h3 Nf6 18. O-O-O a5 19. Rhg1 Qb5 20. Bc4 Qb6 21. d5 1-0

[Event "2.BLO 1617 BCA Augsburg - SC Garching"]
[Site "?"]
[Date "2017.03.19"]
[Round "10.3"]
[White "Seifert, Volker"]
[Black "Nestorovic, Nikola"]
[Result "0-1"]
[WhiteElo "2332"]
[BlackElo "2495"]
[PlyCount "62"]
[EventDate "2017.??.??"]

1. d4 Nf6 2. c4 e6 3. Nc3 Bb4 4. Qc2 Nc6 5. e3 O-O 6. a3 Bxc3+ 7. Qxc3 a5 8. b3
d6 9. Nf3 Re8 10. Bb2 e5 11. d5 Nb8 12. Nd2 c6 13. e4 Na6 14. Bd3 Bd7 15. Bb1
Nc5 16. O-O cxd5 17. cxd5 Bb5 18. Re1 Qb6 19. Qf3 Rac8 20. h3 Rc7 21. g4 Nfd7
22. Kg2 Nf8 23. Re3 Ng6 24. Kh2 Nf4 25. Ra2 a4 26. b4 Ncd3 27. Bxd3 Bxd3 28.
Rxd3 Nxd3 29. Qxd3 Qxf2+ 30. Kh1 Rec8 31. Ra1 Rc2 0-1

[Event "2.BLO 1617 BCA Augsburg - SC Garching"]
[Site "?"]
[Date "2017.03.19"]
[Round "10.4"]
[White "Pitl, Gregory"]
[Black "Koepke, Christian"]
[Result "1/2-1/2"]
[WhiteElo "2399"]
[BlackElo "2317"]
[PlyCount "20"]
[EventDate "2017.??.??"]

1. e4 c5 2. Nf3 d6 3. c3 Nf6 4. Be2 Bd7 5. d3 g6 6. O-O Bg7 7. Re1 Nc6 8. Bf1
O-O 9. h3 Rc8 10. Na3 a6 1/2-1/2

[Event "2.BLO 1617 BCA Augsburg - SC Garching"]
[Site "?"]
[Date "2017.03.19"]
[Round "10.5"]
[White "Levushkina, Elena"]
[Black "Stankovic, Milos"]
[Result "0-1"]
[WhiteElo "2306"]
[BlackElo "2386"]
[PlyCount "162"]
[EventDate "2017.??.??"]

1. e4 e6 2. d4 d5 3. Nd2 h6 4. Bd3 c5 5. dxc5 Bxc5 6. Ngf3 Nc6 7. O-O Nge7 8.
c3 O-O 9. Qe2 Ng6 10. Nb3 Bb6 11. Rd1 Qf6 12. Bc2 dxe4 13. Bxe4 e5 14. Be3 Bf5
15. Bxf5 Qxf5 16. Bxb6 axb6 17. Ne1 Rfd8 18. Rxd8+ Rxd8 19. Qe3 Nf4 20. Kh1 Nd5
21. Qe2 Rd6 22. h3 Nf4 23. Qg4 Qe4 24. Qf3 Qxf3 25. Nxf3 Nd3 26. Kg1 Nxb2 27.
Nbd2 Na4 28. Rb1 Nxc3 29. Rb3 Na4 30. Nc4 Rd1+ 31. Kh2 e4 32. Nfd2 Nd4 33. Rb4
b5 34. Nxe4 bxc4 35. Rxa4 b5 36. Ra8+ Kh7 37. Rc8 Rd3 38. a4 bxa4 39. Rxc4 a3
40. Ra4 Nc2 41. Nc5 Rc3 42. Ne4 Rb3 43. Nc5 Rb5 44. Nd3 Rd5 45. Nc1 Rd2 46. Kg3
Rd1 47. Na2 Rd3+ 48. f3 Rd2 49. Nc1 Ne3 50. Rxa3 Rxg2+ 51. Kf4 Nd5+ 52. Ke4
Nf6+ 53. Ke3 Nh5 54. Ra7 f6 55. Nd3 Rh2 56. Nf2 Kg6 57. Ra4 f5 58. Ra5 Ng3 59.
Kf4 Ne2+ 60. Ke3 Ng1 61. Ra6+ Kg5 62. Ra5 Kg6 63. Ra6+ Kh7 64. Nd3 Nxh3 65. Ra5
Kg6 66. Ne5+ Kg5 67. f4+ Kh5 68. Nf3 Rc2 69. Nd4 Rc3+ 70. Kd2 Rc7 71. Nxf5 Kg4
72. Ne3+ Kf3 73. Ra3 Rd7+ 74. Ke1 Nxf4 75. Nc4+ Ke4 76. Nd2+ Kf5 77. Ra5+ Kg4
78. Nc4 Rb7 79. Ne5+ Kh4 80. Ra4 Re7 81. Re4 Rxe5 0-1

[Event "2.BLO 1617 BCA Augsburg - SC Garching"]
[Site "?"]
[Date "2017.03.19"]
[Round "10.6"]
[White "Schmittdiel, Eckhard"]
[Black "Schmitz, Thorsten"]
[Result "1-0"]
[WhiteElo "2452"]
[BlackElo "2280"]
[PlyCount "77"]
[EventDate "2017.??.??"]

1. e4 e5 2. Nf3 d6 3. Bc4 Nf6 4. d3 Be7 5. Nc3 O-O 6. a3 c6 7. Bg5 Nbd7 8. O-O
d5 9. exd5 cxd5 10. Ba2 d4 11. Ne2 h6 12. Bd2 Bd6 13. Ng3 Nc5 14. Re1 Re8 15.
b4 Na4 16. Bb3 Nc3 17. Bxc3 dxc3 18. d4 e4 19. Ne5 Be6 20. Ba4 Re7 21. Nxe4
Nxe4 22. Rxe4 a5 23. b5 Bd5 24. Re3 Qc7 25. Qh5 Bxe5 26. Rxe5 Rxe5 27. Qxe5
Qxe5 28. dxe5 Re8 29. f4 g5 30. Rd1 Ba2 31. g3 gxf4 32. gxf4 f6 33. b6 Re7 34.
Rd7 Rxd7 35. Bxd7 Bb3 36. Bf5 Bd5 37. Kf2 Kf7 38. Ke3 fxe5 39. fxe5 1-0

[Event "2.BLO 1617 BCA Augsburg - SC Garching"]
[Site "?"]
[Date "2017.03.19"]
[Round "10.7"]
[White "Rusche, Johannes"]
[Black "Kukov, Velislav"]
[Result "0-1"]
[WhiteElo "2295"]
[BlackElo "2378"]
[PlyCount "94"]
[EventDate "2017.??.??"]

1. e4 d5 2. exd5 Qxd5 3. Nc3 Qd8 4. d4 Nf6 5. Bc4 c6 6. Nf3 Bf5 7. Ne5 e6 8. g4
Be4 9. Nxe4 Nxe4 10. Qe2 Nd6 11. Bd3 Be7 12. Bf4 Nd7 13. O-O-O Bg5 14. Qe3 Bxf4
15. Qxf4 Qe7 16. Kb1 O-O-O 17. c4 Nxe5 18. dxe5 Ne8 19. Bc2 f6 20. Rxd8+ Qxd8
21. Qe3 fxe5 22. Qxa7 Nc7 23. Rd1 Qg5 24. h3 h5 25. f3 hxg4 26. hxg4 Rd8 27.
Rxd8+ Qxd8 28. Qa5 Qf6 29. Be4 Kd7 30. a4 Ne8 31. Qb6 Kc8 32. a5 Qd8 33. Qxd8+
Kxd8 34. a6 bxa6 35. Bxc6 Nd6 36. b3 Kc7 37. Be4 Kb6 38. Kb2 Ka5 39. Bh7 Kb4
40. Bg8 Nb7 41. Bxe6 Nc5 42. Bc8 a5 43. Bf5 Nxb3 44. Be6 a4 45. c5 a3+ 46. Ka2
Nxc5 47. Bd5 Na4 0-1

[Event "2.BLO 1617 BCA Augsburg - SC Garching"]
[Site "?"]
[Date "2017.03.19"]
[Round "10.8"]
[White "Lipok, Christoph"]
[Black "Schlinkmeier, Karsten"]
[Result "1-0"]
[WhiteElo "2249"]
[BlackElo "2181"]
[PlyCount "74"]
[EventDate "2017.??.??"]

1. d4 d5 2. c4 c6 3. Nf3 Nf6 4. e3 a6 5. Bd3 Bg4 6. Nbd2 e6 7. O-O Nbd7 8. b3
Bf5 9. Ne1 Bd6 10. Bb2 O-O 11. Rc1 Re8 12. Ndf3 Qe7 13. Ne5 Ba3 14. Bxa3 Qxa3
15. Nxd7 Nxd7 16. Bxf5 exf5 17. cxd5 cxd5 18. Rc7 Qd6 19. Qc2 Rab8 20. Nd3 g6
21. Rc1 Red8 22. g3 Re8 23. Kg2 Red8 24. h4 Re8 25. Qe2 Nb6 26. Qf3 Re4 27.
R7c3 Nd7 28. h5 Nf6 29. hxg6 hxg6 30. Rc7 Nd7 31. Nf4 Nb6 32. R7c5 Rd8 33. a4
g5 34. Nxd5 Qe6 35. Qh5 Qg6 36. Qxg6+ fxg6 37. a5 Nd7 1-0